000
00336nam a2200145Ia 4500
008
191201s2011 xx 000 0 und d
082
_a
621
_b
KAA
100
_a
KASERA, Sumit
245
0
_a
ATM Networks Concepts Protocols
250
_a
Rep
260
_a
N. delhi
_b
TMH
_c
2011
300
_a
466
650
_a
B.Tech(IT)
942
_2
ddc
_c
BK
999
_c
5503
_d
5503